Classifica Marcatori Serie A 2013-2014 - Statistics

Statistiche generali
  • Questo quiz è stato fatto 173 volte
  • Il punteggio medio è 12 su 17
Statistiche sulle risposte
Gol Nazione Squadra Calciatore % Corretto
20 Italia Verona Luca Toni
99%
17 Italia Udinese Antonio Di Natale
98%
19 Argentina Juventus Carlos Tévez
96%
22 Italia Torino Ciro Immobile
96%
16 Italia Sassuolo Domenico Berardi
96%
17 Argentina Napoli Gonzalo Higuain
96%
15 Spagna Napoli José María Callejón
90%
16 Spagna Juventus Fernando Llorente
86%
17 Argentina Inter Rodrigo Palacio
76%
13 Argentina Atalanta Germán Denis
66%
15 Italia Genoa Alberto Gilardino
58%
16 Italia Fiorentina Giuseppe Rossi
55%
14 Italia Milan Mario Balotelli
53%
13 Italia Torino Alessio Cerci
47%
13 Italia Roma Mattia Destro
46%
15 Brasile Livorno Paulinho
30%
13 Italia Chievo Alberto Paloschi
26%
Nessun quiz corrispondente trovato
Distribuzione punteggi
Percentuale di utenti per punteggio
Percentile per numero di risposta
I tuoi punteggi nel tempo
Non hai fatto questo quiz